Gaming Quiz

Random Gaming or Football Quiz

Pro Evolution Soccer Player Positions Quiz Stats

 Plays Quiz not verified by Sporcle

Challenge
Share
Tweet
Embed
Score 0/12 Timer 03:00
0 Plays Today
Attack - Defence Positions % Correct
GKGoal Keeper
97.4%
DefCentre Back
53.4%
MidDefensive Midfielder
47.2%
DefSweeper
44.6%
MidAttacking Midfielder
44.6%
AttCentre Forward
41.7%
DefSide Back
40.4%
MidCentral Midfielder
36.8%
MidWing Back
36.8%
MidSide Midfielder
32.2%
AttWing Forward
27.4%
AttSecondary Striker
8.1%

You're not logged in!

Compare scores with friends on all Sporcle quizzes.
Join for Free
OR
Log In

You Might Also Like...

Show Comments

Extras

Top Quizzes Today


Score Distribution

Your Account Isn't Verified!

In order to create a playlist on Sporcle, you need to verify the email address you used during registration. Go to your Sporcle Settings to finish the process.

Report this User

Report this user for behavior that violates our Community Guidelines.

Details: